| 000 | 00628nam a22002052 4500 | ||
|---|---|---|---|
| 001 | 0000011790 | ||
| 005 | 20151217155847.0 | ||
| 008 | 090108s xx 000 0 eng d | ||
| 040 |
_aKABU _cKABU |
||
| 100 | 1 |
_aCulwick, A. T. _@0000148746 |
|
| 245 | 1 | 0 |
_aBritannia waives the rules / _cA. T. Culwick. |
| 250 | _a1st ed. | ||
| 260 |
_aPort Elizabeth, South Africa : _bNasionale Boekhandel, _c1963. |
||
| 300 | _a112 p. | ||
| 650 | 0 |
_aNationalism _zAfrica. _@0000167801 |
|
| 651 | 0 |
_aBritish-Africa _xHistory. _@0000167802 |
|
| 852 | 1 | _9p300 KES | |
| 908 | _a090108 | ||
| 950 | _@1 | ||
| 999 |
_c13399 _d13399 |
||